No era pecado... La contratación privada para la renovación del Estado

Uloženo v:
Podrobná bibliografie
Korporativní autor: Costa Rica. Ministerio de Planificación Nacional y Política Económica
Médium: Neznámo
Vydáno: San José: MIDEPLAN
Témata:
Tagy: Přidat tag
Žádné tagy, Buďte první, kdo vytvoří štítek k tomuto záznamu!

MARC

LEADER 00000 a2200000 04500
001 10528
003
008 991231s d
040
090 |a 136616  
110 |a Costa Rica. Ministerio de Planificación Nacional y Política Económica  
245 |a No era pecado... La contratación privada para la renovación del Estado  
260 |a San José:   |b MIDEPLAN  
300 |a vi, 469 p.  
650 |a SECTOR PUBLICO  
650 |a MODERNIZACION  
650 |a SECTOR PRIVADO  
650 |a SERVICIOS PUBLICOS  
650 |a CONTRATOS PUBLICOS  
650 |a LICITACION  
650 |a ADMINISTRACION  
999 |c 15398  |d 15398